[Event "2nd Sharjah Masters 2018"]
[Site "Sharjah"]
[Date "2018.04.14"]
[Round "3"]
[White "Raahul V S"]
[Black "Ali, Abdulaziz"]
[Result "1-0"]
[WhiteElo "2258"]
[BlackElo "1877"]
[Annotator "TA"]
[PlyCount "83"]
[EventDate "2018.??.??"]
[EventType "swiss"]
[EventCountry "UAE"]
[SourceTitle "playchess.com"]
[Source "ChessBase"]
[SourceQuality "1"]

{[%evp 12,83,43,24,19,1,-1,3,6,0,65,3,22,14,36,-17,27,27,37,0,62,41,52,55,72,14,63,64,70,64,80,83,80,83,83,89,83,83,84,91,87,86,93,87,90,79,91,65,55,4,4,0,0,0,0,0,0,0,0,0,12,10,8,8,20,0,8,8,100,100,100,100,970,754]} 1. c4 e5 2. g3 Nf6 3. Bg2 c6 4. Nf3 e4 5. Nd4 d5 6. cxd5 cxd5 7. O-O {LiveBook: 6 Games. A20: English Opening: 1...e5} Nc6 (7... Bc5 8. Nb3 Bb6 9. d3 Bf5 10. Nc3 exd3 11. Bg5 Be6 12. Qxd3 O-O 13. Rad1 h6 14. Bxf6 Qxf6 15. Nxd5 Bxd5 16. Bxd5 {½-½ (39) Repka,C (2524)-Ozen,D (2407) Batumi 2018}) 8. Nc2 Bf5 9. d3 $146 {The position is equal.} ({Predecessor:} 9. Ne1 Bc5 10. d3 O-O 11. Nc3 h6 12. Na4 Bd6 13. dxe4 dxe4 14. Nc2 Bg6 {0-1 (31) Czech,L (2144)-Rosino,A (2285) Bad Homburg 2005}) 9... exd3 10. exd3 d4 (10... Be7 $11) 11. b3 (11. Bxc6+ $14 bxc6 12. Qf3) 11... Be7 $11 12. Bb2 O-O 13. Nba3 (13. Bxc6 $14 bxc6 14. Nxd4) 13... a6 14. Nc4 Bc5 15. Re1 {Hoping for Bxc6.} (15. Bxc6 $5 bxc6 16. Re1 $11) 15... Re8 (15... Rc8 $1 $11) 16. Rxe8+ Qxe8 17. Qd2 Qd7 18. Re1 (18. b4 $16 Ba7 19. a4) 18... Re8 19. Rxe8+ Nxe8 20. Bxc6 bxc6 21. Qa5 Qd5 {[#]} 22. Bxd4 $1 {[%mdl 512]} Bxd4 23. Nxd4 Bxd3 24. Qxd5 cxd5 $16 {[%mdl 4096] Endgame KBN-KNN} 25. Ne5 Bb1 26. a4 Nc7 27. b4 f6 28. Nec6 Bd3 29. Na7 Kf7 30. b5 (30. f4 $14) 30... axb5 $1 $11 31. axb5 {b6 is the strong threat.} Ke7 32. b6 Na6 33. f3 Kd6 34. Nc8+ Kd7 $1 {[%cal Rd7c8]} 35. b7 Kc7 36. Kf2 Bg6 37. Ne7 Kxb7 38. Nxd5 Nc5 39. Nf4 Nd3+ (39... Kc7 $11 {remains equal.}) 40. Nxd3 $16 Bxd3 {[#]} 41. Ne6 $1 {[%cal Re6c5] Threatens to win with Nc5+.} g5 $2 {[%mdl 8192]} (41... Kc6 $16) 42. Nc5+ {Precision: White = 51%, Black = 47%.} 1-0

[Event "2nd Sharjah Masters 2018"]
[Site "Sharjah"]
[Date "2018.04.14"]
[Round "3"]
[White "Ashwath, R."]
[Black "Abid Ali Mujawar"]
[Result "1-0"]
[WhiteElo "2250"]
[BlackElo "1800"]
[Annotator "TA"]
[PlyCount "55"]
[EventDate "2018.??.??"]
[EventType "swiss"]
[EventCountry "UAE"]
[SourceTitle "playchess.com"]
[Source "ChessBase"]
[SourceQuality "1"]

{[%evp 15,54,26,55,28,35,31,43,0,13,0,0,0,15,12,26,10,135,147,204,213,483,465,423,264,393,386,395,400,364,102,712,712,697,673,29996,29997,29997,29998,29998,29999,29999]} 1. d4 d5 2. c4 c6 3. cxd5 cxd5 4. Bf4 Nc6 5. e3 Nf6 6. Nc3 e6 7. Bd3 a6 8. Rc1 Bd7 {LiveBook: 13 Games. D10: Slav Defence: 3 cxd5 (without early Nf3) and 3 Nc3} (8... Bd6 9. Bxd6 Qxd6 10. f4 O-O 11. Nf3 Bd7 12. Ne5 Rfc8 13. O-O Be8 14. g4 Nd7 15. g5 Ne7 16. Qf3 b5 {0-1 (35) Volkov,S (2627)-Cori Tello,J (2636) Sitges 2017}) 9. Bg5 $146 ({Predecessor:} 9. h3 b5 10. Nf3 Qa5 11. Nd2 Be7 12. O-O O-O 13. Nb3 Qb6 14. a3 Rfc8 15. Qe2 Na5 16. Nxa5 Qxa5 {1-0 (47) Batchuluun,T (2460)-Battulga,N (2406) Uliastai 2016}) 9... h6 10. Bh4 Rc8 {White is slightly better.} 11. f4 Be7 12. Bxf6 Bxf6 13. Nf3 Qb6 14. Qd2 Na5 15. O-O Ke7 (15... O-O $11) 16. Ne5 $16 Bxe5 (16... Qd6 $16) 17. fxe5 $18 f5 $2 {[#]} (17... Rhf8 18. Qf2 Kd8) 18. exf6+ $1 gxf6 19. Qf2 Rcf8 (19... Rhf8 $142 20. Rc2 Nc6) 20. e4 dxe4 21. Nxe4 Nc6 22. Nxf6 $2 (22. Rc5 $18) 22... Nxd4 $2 {[%mdl 8192]} (22... Qxd4 $16 23. Qxd4 Nxd4) 23. Kh1 {[#] Threatens to win with Qh4.} Bc6 24. Qh4 {White wants to mate with Ng8+.} Qxb2 {[%csl Gc6][%cal Rb2g2]} 25. Ng8+ {White mates.} Kd6 26. Qe7+ Ke5 27. Qc5+ Bd5 28. Qc7# {Precision: White = 41%, Black = 21%.} 1-0

[Event "2nd Sharjah Masters 2018"]
[Site "Sharjah"]
[Date "2018.04.14"]
[Round "3"]
[White "Ma, Lin"]
[Black "Gagare, Shardul"]
[Result "1/2-1/2"]
[WhiteElo "2156"]
[BlackElo "2502"]
[Annotator "TA"]
[PlyCount "60"]
[EventDate "2018.??.??"]
[EventType "swiss"]
[EventCountry "UAE"]
[SourceTitle "playchess.com"]
[Source "ChessBase"]
[SourceQuality "1"]

{[%evp 29,60,18,29,8,27,0,16,18,18,11,16,14,31,15,11,6,35,35,35,35,43,18,20,20,27,27,27,24,27,27,27,0,0]} 1. e4 e5 2. Nf3 Nc6 3. d4 exd4 4. Nxd4 Nf6 5. Nc3 Bb4 6. Nxc6 bxc6 7. Bd3 O-O 8. O-O d5 9. exd5 cxd5 10. Bg5 c6 11. Qf3 h6 12. Bxf6 Qxf6 13. Qxf6 gxf6 14. Ne2 Re8 {C47: Scotch Four Knights and Four Knights with 4 g3} (14... Bd6 15. Nd4 c5 16. Nf5 Bxf5 17. Bxf5 Be5 18. Rad1 Bxb2 19. Rxd5 Bd4 20. c3 Bxc3 21. Rxc5 Bd4 22. Rc4 Rfd8 23. Rfc1 Bb6 24. Rc8 Raxc8 25. Rxc8 Rxc8 26. Bxc8 {½-½ (26) Ganguly,S (2650)-Harikrishna,P (2744) Riadh 2017}) 15. Ng3 Rb8 {LiveBook: 6 Games} 16. b3 Be6 $146 (16... Re5 {with more complications.} 17. a3 Bd6 18. b4 a5 19. c3 c5) ({Predecessor:} 16... Bc3 17. Rad1 c5 18. Nf5 c4 19. bxc4 dxc4 20. Nd6 cxd3 21. Nxe8 dxc2 22. Rc1 Bf5 {0-1 (22) Derakhshani,B (2198)-Berzinsh,R (2414) Novi Sad 2016}) 17. Nf5 (17. c3 {is interesting.} Bd6 18. Rac1 Kf8 19. Nh5 f5 20. g3) 17... Bxf5 18. Bxf5 Re5 19. Bd3 Bc3 20. Rad1 a5 21. f4 Re3 22. Bf5 Rb7 23. Rd3 Rbe7 24. Rxe3 Rxe3 25. Rf3 (25. Kf2 {feels hotter.} Bd4 26. Rd1 Bc5 27. Kf1 Bb4 28. g3) 25... Rxf3 26. gxf3 $14 {KB-KB} Bd2 27. Bd7 c5 28. Bc6 d4 29. f5 Kf8 30. Bd5 Ke7 {Precision: White = 26%, Black = 42%.} 1/2-1/2

[Event "2nd Sharjah Masters 2018"]
[Site "Sharjah"]
[Date "2018.04.14"]
[Round "3"]
[White "Sultan, Ibrahim"]
[Black "Grivas, Efstratios"]
[Result "1-0"]
[WhiteElo "2141"]
[BlackElo "2468"]
[Annotator "TA"]
[PlyCount "97"]
[EventDate "2018.??.??"]
[EventType "swiss"]
[EventCountry "UAE"]
[SourceTitle "playchess.com"]
[Source "ChessBase"]
[SourceQuality "1"]

{[%evp 15,97,0,35,2,12,0,20,-45,-46,-65,-64,-66,-64,-63,-58,-72,-43,-53,-54,-51,-40,-55,-62,-93,-90,-91,-86,-89,-50,-59,-53,-47,-32,-35,-6,-14,-2,-8,0,-78,-22,-62,83,-50,10,10,10,8,8,6,10,0,0,0,0,0,0,0,0,0,0,0,5,6,384,423,399,390,480,472,468,467,460,462,1280,1202,1969,1939,29997,29980,29989,29981,29984,1283]} 1. d4 f5 2. Nc3 d5 3. Bg5 Nf6 4. Bxf6 exf6 5. e3 Be6 6. Bd3 Qd7 {A80: Dutch Defence: Unusual White second moves} 7. Nge2 Nc6 (7... h5 8. a3 g6 9. O-O Bh6 10. b3 Nc6 11. Na4 b6 12. c4 Ne7 13. Nac3 O-O 14. Qc2 {1-0 (38) Gupta,A (2645)-Sandipan,C (2573) Moscow 2017}) 8. a3 Ne7 {[%cal Bc6e7,Be7c8,Bc8d6][%mdl 32] LiveBook: 38 Games. The position is equal.} 9. Bb5 c6 10. Bd3 Nc8 $146 ({Predecessor:} 10... h5 11. Na4 b6 12. Nf4 Bf7 13. h4 g6 14. Qe2 {0-1 (52) Brcar,A (2105)-Kovacevic,B (2467) Zagreb 2015}) 11. f3 (11. Na4 $11) 11... Nd6 $15 12. e4 fxe4 13. fxe4 dxe4 14. Nxe4 Nxe4 15. Bxe4 Bd6 16. Qd2 O-O-O 17. O-O-O Qc7 18. h3 f5 19. Bd3 g6 20. Rhe1 Rhe8 21. Kb1 Bd5 22. g4 $1 fxg4 23. hxg4 Bf3 24. g5 c5 {White must now prevent ...c4.} 25. Rf1 Bg4 {...c4 is the strong threat.} 26. Bb5 Re7 {aiming for ...a6.} 27. Rde1 (27. Nc3 $11 {remains equal.} Bg3 28. Be2 Bxe2 29. Nxe2) 27... Qb6 (27... a6 $17 28. Bc4 cxd4) 28. Bc4 Be5 (28... cxd4 $1 $15 {keeps the upper hand.} 29. Qxd4 Qxd4 30. Nxd4 Bxa3 $1 {[%mdl 512]}) 29. c3 (29. Nc3 $16) 29... cxd4 ({Black should try} 29... Bc7 $15) 30. Nxd4 $11 Qc7 31. Bb3 Kb8 32. Qg2 Bc8 33. Re4 Bxd4 34. Rxd4 Rxd4 35. cxd4 Qd6 36. d5 Re3 37. Ka2 Bf5 38. Qd2 Rd3 39. Qe2 Qb6 $2 {[%mdl 8192] [#]} (39... a6 $1 $11 {and Black stays safe.}) 40. Qe8+ $1 $18 Bc8 {[#]} 41. Qe5+ $1 Qc7 42. Qe4 Rd2 43. Qe3 Qh2 44. Qc3 Bf5 (44... Re2 $142 45. Rf8 Qc7 46. Qxc7+ Kxc7 47. d6+ Kd7 48. Ba4+ Kxd6) 45. Qh8+ Kc7 46. Rc1+ Kd6 47. Qb8+ {White mates.} Ke7 48. Qxb7+ Bd7 49. Ba4 {Precision: White = 49%, Black = 42%.} (49. Qb4+ $142 Ke8 50. Re1+ Kd8 51. Qe7+ Kc8 52. Rc1+ Qc7 53. Rxc7+ Kxc7 54. Qc5+ Kb7 55. Qb4+ Ka8 56. Qxd2) 1-0

[Event "2nd Sharjah Masters 2018"]
[Site "Sharjah"]
[Date "2018.04.14"]
[Round "3"]
[White "Maroroa, Sue"]
[Black "Chakravarthi Reddy, M."]
[Result "0-1"]
[WhiteElo "2102"]
[BlackElo "2442"]
[Annotator "TA"]
[PlyCount "78"]
[EventDate "2018.??.??"]
[EventType "swiss"]
[EventCountry "UAE"]
[SourceTitle "playchess.com"]
[Source "ChessBase"]
[SourceQuality "1"]

{[%evp 16,78,31,29,37,23,30,37,35,-58,-76,-80,-72,-61,-56,-74,-71,-68,-68,-64,-20,-25,-26,-63,-67,-99,-97,-92,-96,-97,-97,-89,-82,-77,-82,-73,-75,-85,-63,-76,-77,-105,-102,-105,-99,-147,-147,-151,-132,-223,-221,-211,-152,-308,-310,-435,-408,-544,-570,-621,-579,-783,-762,-718,-703]} 1. e4 e6 2. d4 d5 3. Nd2 Nf6 4. e5 Nfd7 5. Bd3 c5 6. c3 Nc6 7. Ngf3 g6 8. h4 h6 {C06: French Tarrasch: 3...Nf6 4 e5 Nfd7 5 Bd3 main lines} 9. Qe2 {LiveBook: 13 Games} Qb6 {[%cal Rc5d4]} (9... Bg7 10. a3 a5 11. Qe3 b6 12. Nf1 Ba6 13. Bxa6 Rxa6 14. N1h2 Ra7 15. Ng4 a4 16. Qf4 {0-1 (53) Guseinov,G (2646)-Socko,B (2593) Riadh 2017}) 10. Qe3 Bg7 {White has an edge.} 11. O-O O-O 12. a3 $146 (12. Bc2 $14) ({Predecessor:} 12. Rd1 cxd4 13. cxd4 f6 14. Bxg6 fxe5 15. Nb3 Nxd4 16. Nfxd4 exd4 17. Nxd4 {½-½ (24) Maroroa,S (2083)-Watson,J (2247) Douglas 2017}) 12... cxd4 $1 $15 13. cxd4 {[#]} f6 $1 {[%cal Rf6e5]} 14. exf6 Nxf6 15. Ne5 Nxe5 16. dxe5 {aiming for Qxb6.} Qxe3 $1 17. fxe3 Ng4 18. Rxf8+ Kxf8 19. Bxg6 Nxe5 20. Bh7 Bf6 21. Nf3 Nxf3+ 22. gxf3 Bxh4 23. Bd2 Kg7 24. Bd3 Bd7 25. Kg2 Bf6 26. Kf2 Kf7 ({Don't go for} 26... Bxb2 $2 27. Rb1 $18) 27. Rh1 Rh8 28. b4 h5 {[%cal Bh6h5,Bh5h4,Bh4h3][%mdl 32]} 29. Rc1 {With the idea Rc7.} Rc8 30. Rh1 h4 31. e4 Rg8 32. Be3 (32. b5 $17) 32... d4 $19 33. Bd2 e5 34. Bf1 $2 {[#]} (34. f4 $17 {was worth a try.}) 34... Rc8 35. Bd3 (35. Ke1 $142) 35... h3 36. Ke1 Bh4+ {Black is clearly winning.} 37. Kd1 Bg3 38. Be1 Bxe1 39. Rxe1 Rc3 {Precision: White = 41%, Black = 84%.} 0-1

[Event "2nd Sharjah Masters 2018"]
[Site "Sharjah"]
[Date "2018.04.14"]
[Round "3"]
[White "Jishitha D"]
[Black "Arjun Kalyan"]
[Result "0-1"]
[WhiteElo "2083"]
[BlackElo "2397"]
[Annotator "TA"]
[PlyCount "72"]
[EventDate "2018.??.??"]
[EventType "swiss"]
[EventCountry "UAE"]
[SourceTitle "playchess.com"]
[Source "ChessBase"]
[SourceQuality "1"]

{[%evp 23,72,79,79,68,70,60,85,81,89,68,84,62,99,102,96,-37,-37,-39,-22,-25,-14,-89,-65,-73,-54,-62,-53,-53,0,-222,-218,-220,-219,-184,-189,-188,-202,-207,-165,-275,-275,-260,-263,-239,-121,-138,-122,-317,-297,-29987,-29988]} 1. c4 Nf6 2. Nc3 g6 3. e4 d6 4. d4 Bg7 5. Be2 O-O 6. Be3 e5 7. d5 Na6 8. g4 {E73: King's Indian: Averbakh Variation without 6...c5} Nc5 9. f3 h5 10. g5 Nh7 11. h4 f6 12. gxf6 Bxf6 {[#] LiveBook: 6 Games} 13. Bf2 $1 Be7 14. Kd2 c6 {[#]} (14... Rf4 15. Qe1 a5 {½-½ (30) L'Ami,E (2634)-Amin,B (2693) Wijk aan Zee 2018}) 15. Kc2 $1 Kg7 {[#]} 16. Qe1 $146 cxd5 17. Bxc5 {aiming for Ba3.} dxc5 18. Nxd5 Nf6 19. Rd1 (19. Ne3 $16) 19... Nxd5 $15 20. Rxd5 Qb6 21. Qg3 Be6 $36 {[%mdl 2048] Black is pushing.} 22. Rd1 (22. Nh3 $11) 22... Qa6 23. Nh3 Bxc4 24. Bxc4 Qxc4+ 25. Kb1 Rad8 (25... Qe6 $15) 26. Ng5 $2 (26. Qxe5+ $11 {and White is okay.} Bf6 27. Qg3) 26... Bxg5 $19 27. Qxg5 Rxd1+ 28. Rxd1 {[%mdl 4096] Endgame KQR-KQR} Qe6 29. Rd5 Rxf3 30. Rxc5 Qd6 31. Rd5 (31. Qxe5+ $142 Qxe5 32. Rxe5) 31... Rf1+ 32. Kc2 Qc7+ 33. Kb3 Rc1 (33... Rf3+ $19 34. Kb4 Rf4 35. Qxe5+ Qxe5 36. Rxe5 Kf6) 34. Ka3 Rc5 35. Rxc5 $2 (35. Qd2 $17 Rxd5 36. exd5) 35... Qxc5+ 36. Kb3 $2 (36. b4 $19 Qc3+ 37. Ka4) 36... b5 {Precision: White = 33%, Black = 61%.} 0-1

[Event "2nd Sharjah Masters 2018"]
[Site "Sharjah"]
[Date "2018.04.14"]
[Round "3"]
[White "Song, Yuxin"]
[Black "Sadhwani, Raunak"]
[Result "0-1"]
[WhiteElo "2075"]
[BlackElo "2358"]
[Annotator "TA"]
[PlyCount "128"]
[EventDate "2018.??.??"]
[EventType "swiss"]
[EventCountry "UAE"]
[SourceTitle "playchess.com"]
[Source "ChessBase"]
[SourceQuality "1"]

{[%evp 17,128,14,39,14,1,15,15,15,19,18,22,15,16,14,15,13,8,0,0,0,0,0,0,-22,-20,-29,-6,-16,-11,-21,0,-7,0,-2,0,-14,-8,-15,-20,-31,-44,-29,0,-18,-18,-16,-16,-13,-4,-5,-19,-93,-93,-93,-91,-93,-93,-106,-93,-116,-80,-80,-80,-80,-80,-139,-80,-83,-84,-87,-84,-96,-40,-55,-55,-62,-70,-70,-70,-70,-9,-33,-53,-81,-73,-435,-435,-435,-359,-799,-359,-670,-405,-1024,-701,-29955,-7274,-29975,-29973,-29972,-29972,-29983,-29984,-29984,-29985,-29985,-29986,-29986,-29987,-29987,-29988,-29988,-29989]} 1. e4 c5 2. Nf3 d6 3. Bb5+ Nd7 4. d4 Ngf6 5. Nc3 cxd4 6. Qxd4 e5 7. Qd3 h6 8. O-O Be7 9. Rd1 {B51: Sicilian: Moscow Variation (3 Bb5+) without 3...Bd7} O-O {LiveBook: 3 Games} 10. Bxd7 Bxd7 $146 ({Predecessor:} 10... Qxd7 11. Nd2 Qc6 12. Nc4 Be6 13. Ne3 Rfc8 14. a4 Bf8 15. f3 g6 16. Bd2 Nh5 {0-1 (59) Perez,J (2245)-Suba,M (2525) Manresa 1994}) 11. Nd2 {The position is equal.} Bg4 12. f3 Be6 13. Nc4 Qc7 14. Ne3 Rac8 15. a4 Rfd8 16. Kh1 a6 17. Bd2 {[#]} d5 $1 {[%mdl 512]} 18. Ncxd5 Bxd5 19. exd5 Bc5 20. c3 Bxe3 21. Bxe3 Rxd5 22. Qe2 Rcd8 23. Kg1 Qd7 {[%cal Rd5d1]} 24. Rxd5 Qxd5 25. Bb6 Rd6 26. c4 (26. Bf2 {is more complex.} Qb3 27. a5 Nd7 28. h3 f6 29. Be3) 26... Qd2 27. Qxd2 Rxd2 $11 {[%mdl 4096] Endgame KRB-KRN} 28. Rb1 Rc2 29. b3 e4 30. Bd4 exf3 31. gxf3 Nh5 32. Rb2 Rc1+ 33. Kf2 Nf4 {aiming for ...Nd3+.} 34. Be3 {[#]} (34. Rd2 $11) 34... Rxc4 $1 $17 35. Rd2 {[#]} Rb4 $1 36. Bxf4 Rxf4 {KR-KR} 37. Rd8+ Kh7 38. Rd7 Rb4 39. Rxf7 Rxb3 40. a5 Kg6 41. Rd7 Kf6 (41... Rb5 $142 42. Ke3 Kf6) 42. Kg3 Rb5 43. h4 h5 44. Rc7 g5 (44... Rxa5 $17 {And now ...Rb5 would win.} 45. Rxb7 Rb5) 45. Rh7 Kg6 46. Rd7 gxh4+ 47. Kxh4 Rxa5 {White must now prevent ...Ra4+.} 48. Rxb7 Ra4+ (48... Rb5 $1 $15 49. Ra7 a5) 49. Kh3 Kg5 50. Rh7 a5 {[%cal Ba6a5,Ba5a4][%mdl 32]} 51. Kg3 $2 {[%mdl 8192]} (51. Rg7+ $17 {is a better chance.} Kf4 52. Rf7+ Ke3 53. Re7+ Kf2 54. f4) 51... h4+ $19 52. Kh3 Rb4 53. Rg7+ $2 (53. Kg2) 53... Kf5 (53... Kf4 $142 54. Kg2 Kf5) 54. Kg2 $2 (54. Rf7+ Kg5 55. Rg7+ Kf4 56. Kg2) 54... a4 55. Ra7 (55. Rg8 $142 a3 56. Rf8+ Ke5 57. Ra8 Rb2+ 58. Kh3) 55... Kf4 56. Kf2 Rb2+ 57. Ke1 Ra2 {Black mates.} 58. Rh7 Kg3 59. f4 h3 60. f5 h2 61. f6 {[#]} h1=Q+ $1 {[%mdl 512]} 62. Rxh1 Ra1+ 63. Ke2 Rxh1 64. f7 Rh8 {Precision: White = 40%, Black = 67%.} 0-1

[Event "2nd Sharjah Masters 2018"]
[Site "Sharjah"]
[Date "2018.04.14"]
[Round "3"]
[White "Mullick, Raahil"]
[Black "Kowsarinia, Amir"]
[Result "1-0"]
[WhiteElo "2053"]
[BlackElo "2316"]
[Annotator "TA"]
[PlyCount "69"]
[EventDate "2018.??.??"]
[EventType "swiss"]
[EventCountry "UAE"]
[SourceTitle "playchess.com"]
[Source "ChessBase"]
[SourceQuality "1"]

{[%evp 23,69,39,49,24,60,62,61,54,90,93,187,120,211,145,136,84,67,71,74,25,7,10,0,33,39,39,31,17,92,86,81,75,122,122,183,122,912,913,903,893,870,854,29948,29945,6487,6407,5593,5573]} 1. e4 c5 2. Nf3 e6 3. d4 cxd4 4. Nxd4 a6 5. Bd3 Bc5 6. Nb3 Be7 7. O-O d6 8. Qg4 Bf6 {B42: Sicilian: Kan Variation: 5 Bd3} (8... g6 9. Qe2 Nd7 10. Na3 Ne5 11. f4 Nxd3 12. cxd3 Nf6 13. Be3 b5 14. Kh1 O-O 15. Rac1 e5 16. f5 gxf5 {1-0 (31) Navara,D (2740)-Gajewski,G (2601) Katowice 2017}) 9. Nc3 Nc6 10. Be3 Nge7 11. Rad1 O-O 12. f4 Qc7 {LiveBook: 4 Games} 13. Rf3 $146 ({Find the theoretical novelty and annotate with similar games:} 13. a4 Ng6 14. Qf3 Rb8 15. Qe2 {½-½ (28) Loeffler,W (2377)-Stieger,H (2375) ICCF email 2010}) 13... g6 14. Rh3 b5 15. Rf1 b4 16. Ne2 Rd8 (16... a5 $16) 17. Nd2 (17. Ng3 $1 $18) 17... Rb8 (17... Kh8 $16 {keeps fighting.}) 18. b3 d5 {[#]} 19. e5 (19. Ng3 $142 $1) 19... Bg7 $16 20. Qh4 h6 21. f5 exf5 {...g5 is the strong threat.} 22. Bxh6 Bxh6 ({Don't blunder} 22... Bxe5 $2 23. Bg5 $18) 23. Qxh6 {[%csl Gh3][%cal Rh6h8]} Qxe5 24. Nf3 Qg7 25. Qf4 $40 {[%mdl 1152] White has compensation. White mounts an attack.} f6 {[#]} (25... d4 $11 {remains equal.}) 26. Rg3 $1 Ne5 27. Ned4 Bd7 28. Re1 {[%cal Rf3e5]} Nxf3+ (28... Nxd3 $16 {was necessary.} 29. cxd3 Re8) 29. Nxf3 (29. Rxf3 $18 {Hoping for Qd6.} g5 30. Qd6) 29... Bb5 $2 {[%mdl 8192] [#]} (29... Re8 $16) 30. Rxe7 $1 $18 {[%mdl 512]} Qxe7 31. Rxg6+ Kf7 32. Qh6 {Strongly threatening Rg7+.} Rg8 {[#]} 33. Ng5+ $1 {[%mdl 512]} Ke8 (33... fxg5 34. Qh7+) 34. Rxg8+ Kd7 35. Rg7 {Precision: White = 82%, Black = 32%.} 1-0

[Event "2nd Sharjah Masters 2018"]
[Site "Sharjah"]
[Date "2018.04.14"]
[Round "3"]
[White "Sun, Chao"]
[Black "Dhulipalla Bala Chandra Prasa"]
[Result "0-1"]
[WhiteElo "2041"]
[BlackElo "2294"]
[Annotator "TA"]
[PlyCount "66"]
[EventDate "2018.??.??"]
[EventType "swiss"]
[EventCountry "UAE"]
[SourceTitle "playchess.com"]
[Source "ChessBase"]
[SourceQuality "1"]

{[%evp 14,66,18,8,7,0,-14,-10,-2,0,-9,-44,-54,-61,-50,-79,0,-74,-74,-171,-132,-120,-110,-129,-79,-60,-72,-123,-131,-158,-127,-186,-186,-258,-225,-214,-152,-212,-185,-258,-256,-335,-335,-389,-389,-369,-287,-468,-433,-610,-593,-874,-845,-902,-888]} 1. Nf3 Nc6 2. d4 d5 3. c4 Bg4 4. e3 e6 5. Nc3 Bb4 6. a3 Bxc3+ 7. bxc3 Nf6 8. Be2 O-O {D07: Queen's Gambit: Chigorin Defence} 9. O-O Na5 10. Nd2 Bxe2 {The position is equal.} 11. Qxe2 Qd6 $146 ({Predecessor:} 11... c6 12. Rb1 Qc7 13. a4 Rfe8 14. Ba3 h5 {1-0 (32) Haznedaroglu,K (2444)-Knudsen,O (2028) Borup 2008}) 12. a4 Qa6 13. Ba3 Rfe8 14. Rfb1 {[#]} Nd7 (14... Rad8 $1 $17) 15. Rb5 (15. Qf1 $11 {keeps the balance.}) 15... c6 $17 16. Bb4 (16. Rbb1 $17 {keeps fighting.}) 16... b6 ({Stronger than} 16... cxb5 17. axb5 Qb6 18. Bxa5 $11) 17. Bxa5 cxb5 18. axb5 Qb7 19. Bb4 a5 $36 {[%mdl 2048] Black is on the roll.} 20. bxa6 ({White should try} 20. Bd6) 20... Rxa6 21. Rd1 Rea8 22. h3 (22. cxd5 $17 exd5 23. e4) 22... Nf6 $19 23. f3 (23. Qe1 $142) 23... Ra2 24. e4 Qa6 25. Qf1 (25. Kh2 $17) 25... Rc2 26. cxd5 (26. e5 $142 Nh5 27. f4) 26... exd5 27. Qxa6 Rxa6 28. Kf1 Raa2 29. Ke1 b5 30. g4 $2 (30. g3 {is a better defense.}) 30... h6 {Black is clearly winning.} 31. e5 (31. exd5 $142 Nxd5 32. Ke2) 31... Nd7 32. Ke2 Nb6 33. Ke3 {[#]} Rxd2 $1 {[%mdl 512] Precision: White = 13%, Black = 75%.} 0-1

[Event "2nd Sharjah Masters 2018"]
[Site "Sharjah"]
[Date "2018.04.14"]
[Round "3"]
[White "Krithigga K"]
[Black "Srija, Seshadri"]
[Result "0-1"]
[WhiteElo "2003"]
[BlackElo "2264"]
[Annotator "TA"]
[PlyCount "77"]
[EventDate "2018.??.??"]
[EventType "swiss"]
[EventCountry "UAE"]
[SourceTitle "playchess.com"]
[Source "ChessBase"]
[SourceQuality "1"]

{[%evp 14,77,0,-13,-20,-43,-40,-53,-39,-54,-47,-33,-55,-56,-43,-97,-92,-91,-112,-127,-117,-155,-146,-252,-260,-483,-337,-332,-333,-344,-337,-340,-341,-550,-546,-526,-537,-547,-520,-662,-685,-685,-683,-668,-664,-653,-667,-789,-767,-905,-897,-1012,-1008,-1000,-977,-1572,-1318,-1282,-1128,-29974,-29974,-29975,-6195,-29989,-29990,-29990]} 1. c4 e5 2. g3 Nf6 3. Bg2 c6 4. Nf3 e4 5. Nd4 d5 6. cxd5 Qxd5 7. Nb3 Qh5 {A20: English Opening: 1...e5} 8. h3 {LiveBook: 15 Games} a5 (8... Be7 9. Nc3 Qg6 10. d3 exd3 11. e4 O-O 12. Qxd3 Rd8 13. Qc2 Na6 14. a3 Be6 15. Be3 Bxb3 16. Qxb3 {½-½ (46) Matlakov,M (2632)-Khismatullin,D (2660) Magnitogorsk 2011}) 9. d3 $146 ({Predecessor:} 9. d4 a4 10. g4 Qh4 11. Nc5 Bxc5 12. dxc5 O-O 13. Nc3 Nbd7 14. Nxa4 Re8 15. Be3 {½-½ (44) Chatalbashev,B (2545)-Kett,T (2209) Cardiff 2016}) 9... Bb4+ {Black is slightly better.} 10. Bd2 {[#]} e3 $1 {[%mdl 512]} 11. Bxb4 (11. fxe3 Bd6) 11... axb4 12. Qc1 exf2+ 13. Kxf2 Be6 14. Qe3 (14. Bf3 $15 Qe5 15. Qc5) 14... O-O $36 {[%mdl 2048] Hoping for ...Bxb3. Black is on the roll.} 15. N1d2 Nbd7 16. Qf3 Qg6 17. Kg1 Rfe8 18. Kh2 (18. Qf2 $17 {keeps fighting.}) 18... Qh6 $19 19. Rhe1 $2 (19. Qf4 Qxf4 20. gxf4) 19... Ng4+ 20. Kg1 Ne3 21. Qf4 Qxf4 22. gxf4 Nc2 23. e4 $2 (23. Kf2 {was worth a try.}) 23... Nxe1 24. Rxe1 Rxa2 25. Rb1 Rea8 26. Kf2 Bxb3 27. Nxb3 R8a3 28. Nd2 Rxd3 29. Ke2 Nc5 30. Bf1 Rd8 31. Ke3 Na4 32. Nc4 b5 33. Ne5 Nxb2 34. Nxc6 Rd1 35. Rxd1 Nxd1+ 36. Kd3 b3 {[%cal Bb4b3,Bb3b2][%mdl 32]} 37. Nb4 {[#]} Rf2 (37... b2 $142 $1 {[%mdl 512]} 38. Kd4 b1=Q 39. Nxa2 Qxa2 40. Bxb5 Qa5 41. Kc5 Nc3 42. Kc4 Nxb5 43. e5 Nc7 44. Kd3 Qa3+ 45. Kd4 Qxh3 46. Kc4 Qf1+ 47. Kc3 Qxf4 48. Kb2 Qxe5+ 49. Kc2 Qe4+ 50. Kc3 Nd5+ 51. Kd2 h5 52. Kd1 Qg2 53. Ke1 Nf4 54. Kd1 Qb2 55. Ke1 Qe2#) 38. Be2 b2 39. Kd4 {Precision: White = 35%, Black = 95%.} 0-1